Dinámica de grupos de trabajo para profesores
Saved in:
| 主要作者: | |
|---|---|
| 格式: | 圖書 |
| 語言: | 西班牙语 |
| 出版: |
Madrid
Marova
1978
|
| 版: | 2a. ed |
| 叢編: | Biblioteca del educador, 15
|
| 主題: | |
| 標簽: |
添加標簽
沒有標簽, 成為第一個標記此記錄!
|
MARC
| LEADER | 00000nam a2200000 a 4500 | ||
|---|---|---|---|
| 001 | UCY7579 | ||
| 003 | CL-VaPUC | ||
| 008 | 950616e19780000SP |||||||||||||||||spa|d | ||
| 082 | 0 | 4 | |a 302.3 |b RIC |2 21 |
| 100 | 0 | |a Richardson, Elizabeth |e author |9 338149 | |
| 245 | 1 | 0 | |a Dinámica de grupos de trabajo para profesores |
| 250 | |a 2a. ed | ||
| 300 | |a 163 p | ||
| 942 | |c BK | ||
| 945 | |d 19950616 00:00:00 |a mfernand | ||
| 260 | |a Madrid |b Marova |c 1978 | ||
| 650 | 7 | |a GRUPOS |2 CL-VaPUC |9 336429 | |
| 650 | 0 | |a Dinámica de grupos |9 259862 | |
| 650 | 7 | |a COMPORTAMIENTO DE GRUPO |2 CL-VaPUC |9 335588 | |
| 650 | 0 | |a Actitud del docente |9 309107 | |
| 650 | 7 | |a RELACION DOCENTE ALUMNO |2 CL-VaPUC |9 307734 | |
| 650 | 7 | |a TRABAJO EN GRUPO METODOS DE ENSEÑANZA |2 CL-VaPUC |9 338142 | |
| 650 | 7 | |a ORIENTACION PEDAGOGICA |2 CL-VaPUC |9 334838 | |
| 583 | |a last modification |c 19950616 00:00:00 |k Rodrigo Vera | ||
| 490 | 0 | |a Biblioteca del educador, 15 | |
| 999 | |c 234918 |d 234916 | ||
| 952 | |0 0 |1 0 |4 0 |6 302_300000000000000_RIC_1978 |7 0 |8 P |9 241901 |a BIBEDU |b BIBEDU |c BIBEDU_PB |d 2019-11-18 |i 1520113 |o 302.3 RIC 1978 |p 1520113 |r 2019-11-18 |w 2019-11-18 |y BK |k EDU | ||